|
|
|
|
| LEADER |
01931nam a2200529 a 4500 |
| 001 |
nkc20061643536 |
| 003 |
CZ PrNK |
| 005 |
20220214102519.0 |
| 007 |
ta |
| 008 |
060217s2006 xr ac e 000 0 cze |
| 015 |
|
|
|a cnb001643536
|
| 020 |
|
|
|a 80-251-0758-2
|q (brož.) :
|c Kč 229,00
|
| 035 |
|
|
|a (OCoLC)83979270
|
| 040 |
|
|
|a OLA001
|b cze
|
| 043 |
|
|
|a e-xr---
|b e-xr-cc
|2 czenas
|
| 045 |
|
|
|a x6y0
|
| 072 |
|
7 |
|a 796
|x Sport. Hry. Tělesná cvičení
|2 Konspekt
|9 20
|
| 080 |
|
|
|a 796.71.093.54
|2 MRF
|
| 080 |
|
|
|a (437.31-13)
|2 MRF
|
| 080 |
|
|
|a (048.8)
|2 MRF
|
| 080 |
|
|
|a (082.2)
|2 MRF
|
| 100 |
1 |
|
|a Vydra, Pavel
|7 xx0005077
|4 aut
|
| 245 |
1 |
0 |
|a Rally Šumava :
|b od roku 1964 po současnost /
|c Pavel Vydra, Hubert Procházka, Bronislav Růžička
|
| 250 |
|
|
|a Vyd. 1.
|
| 260 |
|
|
|a Brno :
|b Computer Press,
|c 2006
|
| 300 |
|
|
|a 192 s. :
|b il. (některé barev.), portréty ;
|c 23 cm
|
| 490 |
1 |
|
|a Auto-moto-hobby
|
| 504 |
|
|
|a Obsahuje bibliografii a rejstřík
|
| 611 |
2 |
7 |
|a Rally Šumava
|7 mzk2006318366
|2 czenas
|
| 648 |
|
4 |
|a 1964-2006
|
| 650 |
0 |
7 |
|a rallye
|7 ph138265
|z Česko
|y 20.-21. století
|2 czenas
|
| 650 |
0 |
9 |
|a rallies
|z Czechia
|y 20th-21st centuries
|2 eczenas
|
| 651 |
|
7 |
|a Šumava (pohoří : oblast)
|7 ge128618
|2 czenas
|
| 651 |
|
9 |
|a Šumava Region
|2 eczenas
|
| 655 |
|
7 |
|a přehledy
|7 fd133202
|2 czenas
|
| 655 |
|
7 |
|a jubilejní publikace
|7 fd131839
|2 czenas
|
| 655 |
|
9 |
|a surveys
|2 eczenas
|
| 655 |
|
9 |
|a jubilee books
|2 eczenas
|
| 700 |
1 |
|
|a Procházka, Hubert,
|d 1930-2017
|7 jn20020717044
|4 aut
|
| 700 |
1 |
|
|a Růžička, Bronislav,
|d 1970-
|7 jn20011018520
|4 aut
|
| 830 |
|
0 |
|a Auto-moto-hobby
|0 s
|
| 910 |
2 |
|
|a BOA001
|b 2-1165.402
|
| 990 |
|
|
|a BK
|
| 995 |
|
|
|a 01
|
| 991 |
|
|
|b 200603
|c NOV
|
| 996 |
6 |
|
|b 2610273588
|c 2-1165.402
|l MZK
|r Sklad / do 1 hodiny
|n 0
|p p.v.
|w 000809267
|u 000010
|a 1
|e BOA001
|j MZK50
|s P
|
| 996 |
7 |
|
|b 2610273589
|c 2-1165.402
|l MZK
|r Sklad / do 1 hodiny
|n 8
|p p.v.
|w 000809267
|u 000020
|a 1
|e BOA001
|j MZK50
|s A
|